000 00989nam a2200313 i 4500
003 EG-GICUC
005 20260427063922.0
008 260427s1937 it a|||fr|||| 001 0 eng d
040 _aEG-GiCUC
_bita
_cEG-GiCUC
_dEG-GiCUC
_erda
041 0 _aita
082 0 4 _221
_a343
_bMA . T
092 0 4 _221
099 _aLaw1 10 343 MA . T 8 ed - 1937
100 1 _aManzini, Vincenzo
_eAuthor.
245 1 0 _aTrattato Di Diritto Penale Italiano:
_cVincenzo Manzini.
250 _aVolume Ottavo
_bDelitti Contro La Persona.
264 1 _aTorino:
_bUnione Tipografico-editrice Torinese,
_c1937.
300 _a880 pages :
_billustrations,
_c24 cm
336 _2rda content
_atext
337 _2rda media
_aComputer
338 _2rda carrier
_aOnline Resource
500 _aIncludes index.
546 _a Text in Italian
650 1 _aCriminal law
_2qrmak
651 1 _2qrmak
856 4 0 _uhttps://fll.law.cu.edu.eg/fulltext/bks/B10-10884.pdf
905 _a158
942 _2ddc
_n0
_cBK
_e21
999 _c73515
_d73515